Problemy gospodarki swiatowej ze szczególnym uwzglednieniem Polski u progu XXI wieku materialy z XVI ogólnoposkiej konferencji naukowej ..., Wroclaw, 24-25 maja 1999
Salvato in:
| Natura: | Libro |
|---|---|
| Lingua: | polacco |
| Pubblicazione: |
Wroclaw
Wydawnictwo Akademii Ekonomicznej im. Oskara Langego we Wroclawiu
1999
|
| Serie: | Materialy konferencyjne
Prace naukowe nr. 836 |
| Tags: |
Nessun Tag, puoi essere il primo ad aggiungerne!!
|
MARC
| LEADER | 00000nam a2200000 4500 | ||
|---|---|---|---|
| 001 | c122211 | ||
| 005 | 20250630094054.2 | ||
| 022 | |a 0324-8445 | ||
| 041 | 0 | |a pol | |
| 044 | |a PL | ||
| 245 | 1 | 0 | |a Problemy gospodarki swiatowej ze szczególnym uwzglednieniem Polski u progu XXI wieku |b materialy z XVI ogólnoposkiej konferencji naukowej ..., Wroclaw, 24-25 maja 1999 |c Redaktorzy naukowi: Jaroslaw Brach, Jan Rymarczyk |
| 264 | 1 | |a Wroclaw |b Wydawnictwo Akademii Ekonomicznej im. Oskara Langego we Wroclawiu |c 1999 | |
| 300 | |a 408 s. | ||
| 490 | 1 | |a Materialy konferencyjne |v Prace naukowe nr. 836 | |
| 830 | 0 | |a Materialy konferencyjne |v Prace naukowe nr. 836 | |